August Birthdays - Statistics

General Stats
  • This quiz has been taken 140 times
    70 since last reset
  • The average score is 20 of 31
Answer Stats
# Hint Person % Correct
5 Astronaut who became the first person to set foot on the moon. Neil Armstrong
90%
9 R&B and pop performer who sang "I Will Always Love You," "How Will I Know?" and "I Wanna Dance With Somebody." Whitney Houston
87%
4 The 44th President of the United States. Barack Obama
83%
29 The King of Pop who became the most successful singer in American history. Michael Jackson
83%
19 The 42nd President of the United States. Bill Clinton
82%
16 Pop icon and diva whose best known songs include "Like a Virgin," "Papa Don't Preach," and "4 Minutes." Madonna
82%
22 Late night talk show host known for his "Carpool Karaoke" segment. James Corden
75%
26 Catholic nun who spent most of her life doing missionary work in India. Mother Teresa
75%
21 Record-breaking sprinter who earned the nickname "Lightning Bolt." Usain Bolt
75%
13 Longest-serving President of Cuba. Fidel Castro
73%
25 The first actor to play James Bond, from 1962's "Dr. No" to 1983's "Never Say Never Again." Sean Connery
73%
15 Hollywood star best known for playing Katniss Everdeen in the Hunger Games film franchise. Jennifer Lawrence
72%
28 One half of Tenacious D who also appeared in films like "School of Rock" and "Tropic Thunder." Jack Black
68%
18 Starred in "Dirty Dancing," "Ghost," "Point Break," and "Road House." Patrick Swayze
68%
3 Quarterback who has won five Super Bowl Championships with the New England Patriots. Tom Brady
67%
7 South African actress who starred in "Monster," "The Devil's Advocate," and "Mad Max: Fury Road." Charlize Theron
65%
6 Classic actress and comedienne who became famous on the TV show "I Love Lucy." Lucille Ball
65%
17 Starred in "Taxi Driver," "Raging Bull," "The Godfather Part II," and "The Deer Hunter." Robert De Niro
65%
30 Actress who starred in "Shrek," "My Best Friend's Wedding," and "There's Something About Mary." Cameron Diaz
63%
31 Irish musician best known to American audiences for his hits "Brown-Eyed Girl" and "Moondance." Van Morrison
62%
23 Shooting guard who helped the Lakers win three straight NBA Championships from 2000 to 2002 . Kobe Bryant
60%
10 Youngest member of the Kardashian family born in the 20th century. Kylie Jenner
60%
8 Tennis player who set the career record for total grand slams by winning 19, including 8 Wimbledon titles. Roger Federer
60%
12 He likes big butts and he cannot lie. Sir Mix-a-Lot
55%
20 Lead vocalist of Led Zeppelin. Robert Plant
48%
1 The guiding force of the Grateful Dead until 1995. Jerry Garcia
45%
2 Director of horror films that include "A Nightmare on Elm Street" and "Scream." Wes Craven
42%
14 5-time NBA champion who spent his entire 13-year career with the Los Angeles Lakers. Magic Johnson
33%
27 Comedy actor best known for playing the role of Pee-wee Herman. Paul Reubens
33%
24 Wrestling promoter, announcer, actor, and wrestler who co-founded World Wrestling Entertainment Inc. Vince McMahon
30%
11 I fear no man, no beast or evil, brother! Hulk Hogan
17%
No matching quizzes found
Score Distribution
Percent of People with Each Score
Percentile by Number Answered
Your Score History
You have not taken this quiz since the last reset